| 000 -CABECERA |
| Campo de control de longitud fija |
01545nam a22002777a 4500 |
| 001 - NÚMERO DE CONTROL |
| Campo de control |
BH33482 |
| 003 - IDENTIFICADOR DEL NÚMERO DE CONTROL |
| Campo de control |
ES-SlBCS |
| 005 - FECHA Y HORA DE LA ÚLTIMA TRANSACCIÓN |
| Campo de control |
20260703091231.0 |
| 008 - CÓDIGOS DE INFORMACIÓN DE LONGITUD FIJA |
| Campo de control de longitud fija |
260703b 1597 sp||||| |||| 00| 0 lat d |
| 040 ## - FUENTE DE LA CATALOGACIÓN |
| Centro catalogador del origen |
ES-SlBCS |
| Lengua de catalogación |
spa |
| 041 ## - CÓDIGO DE LENGUA |
| Código de lengua del texto/banda sonora o título independiente |
lat |
| 100 ## - PUNTO DE ACCESO PRINCIPAL-NOMBRE DE PERSONA |
| Nombre de persona |
Fr. Juan Gutierrez |
| Término indicativo de función |
OP |
| 9 (RLIN) |
26576 |
| 110 ## - PUNTO DE ACCESO PRINCIPAL-NOMBRE DE ENTIDAD CORPORATIVA |
| Nombre de entidad corporativa o nombre de jurisdicción como elemento inicial |
Dominicos |
| 9 (RLIN) |
6838 |
| 240 ## - TÍTULO UNIFORME |
| Título uniforme |
<a href="Processionale.">Processionale.</a> |
| Lengua de la obra |
Latín |
| 245 ## - MENCIÓN DE TÍTULO |
| Título |
Processionarium secundum morem almi Ordinis Praedicatorum, Sanctissimi Dominici patris nostri novissimè recognitum & a multis erroribus emmendatum (sic) per quendam fratrem eiuisdem Ordinis in Conventu S. Pauli Hispalensis. |
| 260 ## - PUBLICACIÓN, DISTRIBUCIÓN, ETC... (PIE DE IMPRENTA) |
| Lugar de publicación, distribución, etc. |
Hispali : |
| Nombre del editor, distribuidor, etc. |
Apud Ferdinndum Diaz, |
| Fecha de publicación, distribución, etc. |
1597 |
| 300 ## - DESCRIPCIÓN FÍSICA |
| Extensión |
[IV], CXLIII h : |
| Dimensiones |
20 cm |
| 500 ## - NOTA GENERAL |
| Nota general |
Ejemplar muy raro. Cf. Odriozola, nº 644, quien afirma que nadie ha citado ejemplar hasta ahora. Este procede del Archivo Provincial de Bética. <br/>Portada ilustrada, con lm. en media página<br/><br/><br/>. |
| 500 ## - NOTA GENERAL |
| Nota general |
A dos tintas, con tetragramas. Priviegio Real en f. [2] y [3r]. Sigue carta de Fr. Juan Gutiérrez al Provincial<br/>Decreto del mismo, Fr. Gaspar de Córdoba, con fecha 27 de abtil de 1597.<br/>Indices completos fol. 3v y 4r. |
| 500 ## - NOTA GENERAL |
| Nota general |
Tiene colofón, que repite lugar y fecha de publicación. Mención del Provincial de la Provincia de Bética, Fr. Cristóbal de Guzmán.<br/>Afectado en algunas hojas por ácaros. |
| 561 ## - NOTA DE PROCEDENCIA |
| Procedencia |
Sto. Tomás (Sevilla) |
| 650 ## - PUNTO DE ACCESO ADICIONAL DE MATERIA-TÉRMINO DE MATERIA |
| Término de materia o nombre geográfico como elemento inicial |
Liturgia |
| Subdivisión de forma |
Dominicos |
| Subdivisión cronológica |
Obras anteriores a 1800 |
| 9 (RLIN) |
14522 |
| 700 ## - PUNTO DE ACCESO ADICIONAL-NOMBRE DE PERSONA |
| Nombre de persona |
Fernando Diaz |
| Término indicativo de función |
Impresor (Sevilla) |
| 9 (RLIN) |
26577 |
| 752 ## - PUNTO DE ACCESO ADICIONAL-NOMBRE JERÁRQUICO DE LUGAR |
| País o entidad superior |
España |
| Ciudad |
Sevilla |
| 942 ## - ENTRADA DE ELEMENTOS AGREGADOS (KOHA) |
| Fuente de clasificaión o esquema |
|
| Koha [por defecto] tipo de item |
Libro Antiguo |